Jacinto Benavente (Record no. 109890)

MARC details
000 -LEADER
campo de control de longitud fija 00798nam a2200205 i 4500
001 - NÚMERO DE CONTROL
campo de control 109890
003 - IDENTIFICADOR DE NÚMERO DE CONTROL
campo de control ES-MaACL
005 - FECHA Y HORA DE LA ÚLTIMA TRANSACCIÓN
campo de control 20231227160643.0
007 - CAMPO FIJO DE DESCRIPCIÓN FÍSICA--INFORMACIÓN GENERAL
campo de control de longitud fija t|
008 - DATOS DE LONGITUD FIJA--INFORMACIÓN GENERAL
campo de control de longitud fija 061121s1923 xxu |||| | spa d
100 1# - ENTRADA PRINCIPAL--NOMBRE DE PERSONA
Nombre de persona Onís, Federico de,
Fechas asociadas al nombre 1885-1966
9 (RLIN) 87087
245 10 - MENCIÓN DEL TÍTULO
Título Jacinto Benavente
Resto del título : estudio literario /
Mención de responsabilidad, etc. por Federico de Onís.
260 ## - PUBLICACIÓN, DISTRIBUCIÓN, ETC.
Lugar de publicación, distribución, etc. New York :
Nombre del editor, distribuidor, etc. Instituto de las Españas de los Estados Unidos,
Fecha de publicación, distribución, etc. 1923.
300 ## - DESCRIPCIÓN FÍSICA
Extensión 73 p. ;
Dimensiones 20 cm.
500 ## - NOTA GENERAL
Nota general Retrato de Benavente.
600 17 - PUNTO DE ACCESO ADICIONAL DE MATERIA--NOMBRE DE PERSONA
Nombre de persona Benavente, Jacinto,
Fechas asociadas al nombre 1866-1954-
Subdivisión general Crítica e interpretación
Fuente del encabezamiento o término
9 (RLIN) 169710
710 2# - ENTRADA AGREGADA--NOMBRE DE ENTIDAD CORPORATIVA
Nombre de entidad corporativa o nombre de jurisdicción como elemento de entrada Instituto de las Españas (Nueva York)
9 (RLIN) 4983
852 ## - LOCALIZACIÓN
Ubicación ES-MaACL
Número de control de estantería 1665-F-14
Nota libre .- Anotación manuscrita: "Obsequiado al Ateneo de Madrid por su socio Gf. Mc Hale"
Holdings
Estatus retirado Estado de pérdida Estado de daño No para préstamo Colección Biblioteca de origen Biblioteca actual Ubicación en estantería Fecha de adquisición Fuente de adquisición Total de préstamos Signatura topográfica completa Código de barras Visto por última vez Precio de reemplazo Tipo de ítem Koha
        Colección de folletos Biblioteca del Ateneo de Madrid Biblioteca del Ateneo de Madrid Depósito folletos 17/01/2008     1665-F-14 1114654 23/02/2023 23/02/2023 Folleto